| 000 | 01004nac a22002771i 4500 | ||
|---|---|---|---|
| 003 | EG-ScBUE | ||
| 005 | 20230403095739.0 | ||
| 008 | 110123s1984 ua f b 001 0 ara d | ||
| 017 | _a1984 / 5161 | ||
| 020 | _a9770210153 | ||
| 040 |
_aEG-ScBUE _bara _erda _cEG-ScBUE _dEG-ScBUE |
||
| 043 | _af-ua--- | ||
| 082 | 0 | 4 |
_a792.0962 _bح ج ا _222 |
| 100 | 1 |
_aالحجاجي، أحمد شمس الدين، _eمؤلف. _922151 |
|
| 245 | 1 | 2 |
_aالأسطورة في المسرح المصري المعاصر : _b1933 - 1970 / _cدكتور أحمد شمس الدين الحجاجي. |
| 264 | 1 |
_aالقاهرة : _bدار المعارف، _c1984. |
|
| 300 |
_a516 صفحة ؛ _c24 سم. |
||
| 336 |
_2rdacontent _aنص _btxt |
||
| 337 |
_2rdamedia _aبدون وسيط _bn |
||
| 338 |
_2rdacarrier _aمجلد _bnc |
||
| 504 | _aيشتمل على إرجاعات ببليوجرافية وفهارس. | ||
| 650 | 7 |
_aالمسرح _zمصر. _2BUEsh _922152 |
|
| 653 | _bART | ||
| 655 | _vReading book | ||
| 942 |
_cBB _2ddc |
||
| 999 |
_c5995 _d5995 |
||